| 000 | 00635nam a2200217 a 4500 | ||
|---|---|---|---|
| 005 | 20250611063910.0 | ||
| 008 | 020116s1999 mx r 000 0 spa d | ||
| 020 | _a9701503864 | ||
| 035 | _aUPN01000114597 | ||
| 049 | _aCG | ||
| 050 | 4 |
_aTK7874 _bZ6.28 |
|
| 100 | 1 | _aZoller, Bernd | |
| 245 | 1 | 0 |
_aCircuitos electrónicos con la PC / _cBernd Zoller. |
| 260 |
_aMéxico : _bAlfaomega : _bMarcombo, _c1999. |
||
| 300 |
_a296 p. : _bil. + _e1 CD-ROM, 4 3/4 plg. |
||
| 500 | _aData Becker & Co. | ||
| 650 | 2 |
_aELECTRONICA DIGITAL _910610 |
|
| 650 | 4 |
_aCIRCUITOS ELECTRONICOS _910609 |
|
| 650 | 4 |
_aDISEÑO LOGICO _910611 |
|
| 905 | _aLibro | ||
| 999 |
_c88502 _d88502 |
||